000 00536njm a2200181 i 4500
001 C2-0306991
003 PPAK
005 20180729163348.0
008 101227s2005 xxu|||| ||||| | eng d
040 _aPPAK
_beng
_cPPAK
_erda
245 0 0 _aTeam of Rivals :
_bThe Political Genius of Abraham Lincoln
264 1 _aUnited States :
_bSimon & Schuster Audio ,
_c2005
336 _2rdacontent
_atext
337 _2rdamedia
_aunmediated
338 _2rdacarrier
_avolume
650 1 0 _aPresidents-United States-Biography.
942 _ddc
_cB
999 _c163857
_d163857